000 00681nam a22002057a 4500
003 SEM
999 _c70562
_d70562
005 20220608074621.0
008 200806b ||||| |||| 00| 0 arm d
040 _aSEM
_cSEM
041 _aarm.
080 _a882-3/Բ-90
100 _aԲրյանցև Գեորգի Միխայլովիչ
245 _aՀետքեր ձյան վրա: /
_cԳ. Բրյանցև; Խմբ.՝ Օ. Սանահյան
260 _aԵրևան:
_bՀայպետհրատ,
_c1960.
300 _a591 էջ;
_c20 սմ
440 _aԱրկածային գրադարան
_v12
650 _aՌուս գրականություն
_xարձակ
700 _aՍանահյան Օ.
_eխմբ.
_4edt.
942 _2udc
_cBK